Tres nuevas sucursales de la Caja de Ahorros Provincial en Hospitalet
Publicado:
San Jorge, núm. 88 (4t trimestre 1972), pàg 72 :
MARC
| LEADER | 00000nam a2200000Ia 4500 | ||
|---|---|---|---|
| 008 | 160829s9999 xx 000 0 cat d | ||
| 245 | |a Tres nuevas sucursales de la Caja de Ahorros Provincial en Hospitalet | ||
| 260 | |a San Jorge, núm. 88 (4t trimestre 1972), pàg 72 | ||
| 600 | 0 | |9 28922 |a Muller i d'Abadal, Josep M., |d 1919-1981 | |
| 600 | 0 | |2 Arxiu |9 41045 |a Muntadas, José Matías | |
| 650 | |a Caixa Catalunya | ||
| 650 | |a Bancs |x Sucursals |9 41927 | ||
| 651 | 0 | |a Hospitalet de Llobregat, L' (Catalunya) |9 57327 | |
| 901 | |a Arxiu | ||
| 942 | |n 1 |2 udc | ||
| 952 | |0 0 |1 0 |4 0 |7 1 |9 50553 |a Arxiu |b Arxiu |d 2016-12-01 |l 0 |r 2016-12-01 00:00:00 |w 2016-12-01 |y ARXIU | ||
| 999 | |c 54395 |d 54395 | ||